000 00208nam a2200097Ia 4500
008 120527s9999 xx 000 0 und d
100 _aFRAZER, C.
245 _aThe Trustees
260 _bHeadline
942 _cBK
999 _c25689
_d25689